000 00415nam a2200157Ia 4500
003 GCL
008 140319s9999 xx 000 0 ara d
040 _aGCL /
_cGCL
082 0 4 _aط
_b507
_bد س
100 1 _aدار الشروق
245 1 0 _aالسيارات الفائقة /
_cدار الشروق
300 _a32 ص
490 _aعالم المستقبل
_v0
650 0 4 _aالسيارات
942 _2ddc
_cBK
999 _c45172
_d45172